• 首页
  • 本馆介绍
  • 公告通知
  • 最新文献
  • 馆藏检索
  • 电子资源
  • 读者导购
  • 参考咨询
  • 我的图书馆
  • 登录
  • 详细信息显示
  • 放入我的书架
  • 预约/预借图书
  • 作者相关作品
  • 分类相关作品
  • 丛书相关作品
  • 出版社相关作品

书目信息

  • 表格格式
  • 工作单格式
  • 卡片格式
题名:
水泥和混凝土化学
    
 
作者: 李 , Lea 著 ;唐明述 译
分册:  
出版信息: 北京   中国建筑工业出版社  1980
页数: 867页
开本: 21cm
丛书名:
单 册:
中图分类: TU528.01 , TQ172.1
科图分类:
主题词: 水泥-应用化学 , 应用化学-水泥 , 混凝土-应用化学 , 应用化学-混凝土 , 水泥--化学工业
电子资源:
ISBN:
000 01047nam0 2200361 45
001 0180003914
005 20040921153635.3
010    @b精装@dCNY4.00
091    @a15040.3696
100    @a19950324d1980 em y0chiy0121 ea
101 1  @achi@ceng
102    @aCN@b110000
105    @aa z 000yy
106    @ar
200 10 @a水泥和混凝土化学@Ashui ni he hun ning tu hua xue@f(英)F.M.李著@F(Ying)F.M.Li Zhu@g唐明述等译
205    @a3版
210    @a北京@c中国建筑工业出版社@d1980
215    @a867页@c插图@d21cm
300    @a书名原文: The chemistry of cement and concrete
510 1  @aThe chemistry of cement and concrete@zeng
606    @a水泥-应用化学
606    @a应用化学-水泥
606    @a混凝土-应用化学
606    @a应用化学-混凝土
606 0  @a水泥@x化学工业
690    @aTU528.01@v3
690    @aTQ172.1
701  1 @a李@Ali@bF.M.@4著
701 A1 @aLea@bF.M.@4著
702  0 @a唐明述@Atang ming shu@4译
801  0 @aCN@b上海图书馆@c20040921
801  2 @aCN@bNLC@c20040921
905    @f1@b159366@dTQ172.1@e11=3
    
    水泥和混凝土化学/(英)F.M.李著/唐明述等译.-3版.-北京:中国建筑工业出版社,1980
    867页:插图;21cm
    书名原文: The chemistry of cement and concrete
    
    ISBN (精装):CNY4.00
    
●
相关链接 在E读中查询图书 在五车中查询图书 在当当中查询图书 在豆瓣中查询图书


正题名:水泥和混凝土化学     索取号:TQ172.1/11=3         预约/预借

序号 登录号 条形码 馆藏地/架位号 状态 备注
1 0159366   000561537   工具书阅览室/ [索取号:TQ172.1/11=3] 在馆    
2 0159367   000561546   第二样本阅览室/ [索取号:TQ172.1/11=3] 在馆    
唐山师范学院图书馆 欢迎您!
大连网信软件有限公司© 版权所有